| 000 | 00381nam a2200145Ia 4500 | ||
|---|---|---|---|
| 008 | 150201s1986 xx 000 0 und d | ||
| 082 |
_a617.632 _bC1986C |
||
| 100 | _aCARRANZA | ||
| 245 | _aCLINICAL PERIODONTOLOGY FOR DENTAL HYGI ENIST | ||
| 250 | _a1ST | ||
| 260 |
_bW.B.SAUNDERS PUBLICATION _aPHILADELPHIA _c1986 |
||
| 300 | _a1-302 | ||
| 650 | _aPERIODONTICS | ||
| 942 |
_2ddc _cBK |
||
| 999 |
_c3135 _d3135 |
||